000 01127nam0a22003251 4500
001 RU\INFOCOMM_322\NLR\5000260100
005 20250614080447.0
010 _a5-02-022350-6
035 _a(NLR Aleph) 010602243
090 _a10541168
_c10541168
100 _a20130323d1988 |||y0rusy50 ca
101 0 _ager
102 _aRU
105 _ay z||||
200 1 _aˆDas ‰Problem Mensch in der Philosophie
_eThema des XVIII. Weitkongresses für Philosophie (Brighton, Aug. 1988)
_fZusgest. von Kand. der philos. Wiss. V. Ratschkow
210 _aM.
_cGesellschaftswiss. u. Gegenwart
_d1988
215 _a224 с.
_cил.
_d20 см
225 1 _aProbleme der modernen Welt
_v58
320 _aБиблиогр.: с. 219-221
606 0 _aЧеловек (филос.)
_2nlr_sh1
620 _aМосква
686 _aА550.7я43
_2rubbk
702 1 _9z01790
_aRačkov
_bV.
_4340
712 1 2 _aInternationaler philocophischer Kongress
_d18
_eBrighton
_f1988
_4570
790 1 _9z01702
_aRatschkow
_bV.
_4340
801 1 _aRU
_bInfocomm
_c20130323
801 0 _aRU
_bINFOCOMM
_gPSBO
852 _aNLR
_jP22/3750
942 _cBOOK
980 _aNB